| 000 | 01347cam a22003135a 4500 | ||
|---|---|---|---|
| 999 |
_c16055 _d16055 |
||
| 001 | 13596157 | ||
| 005 | 20190314131121.0 | ||
| 008 | 040518s2005 nyua frbf 001 0 eng d | ||
| 010 | _a 2004052413 | ||
| 020 | _a0071431292 | ||
| 020 | _a9780071431293 | ||
| 040 |
_aDLC _beng _cDLC _dDLC _dEG-ScBUE |
||
| 082 | 0 | 4 |
_a616.462 _bDIA _222 |
| 245 | 0 | 4 |
_aThe Diabetes mellitus manual : _ba primary care companion to Ellenberg and Rifkin's / _cEdited by Silvio E. Inzucchi ... [et al.]. |
| 250 | _a6th ed. | ||
| 260 |
_aNew York : _bMcGraw-Hill / Medical Publishing Division, _cc.2005. |
||
| 300 |
_axii, 498 p. : _bill. ; _c20 cm. |
||
| 504 | _aIncludes bibliographical references and index. | ||
| 650 | 7 |
_aDiabetes _vHandbooks, manuals, etc. _2BUEsh _927258 |
|
| 651 | _2BUEsh | ||
| 653 |
_bPPhrm _cSeptember2011 _cMarch2019 |
||
| 700 | 1 |
_aInzucchi, Silvio E., _eeditor. _927259 |
|
| 730 | 0 |
_aEllenberg and Rifkin's diabetes mellitus. _927262 |
|
| 856 | 4 | 2 |
_3Publisher description _uhttp://www.loc.gov/catdir/description/mh051/2004052413.html |
| 856 | 4 | 1 |
_3Table of contents _uhttp://www.loc.gov/catdir/toc/mh041/2004052413.html |
| 856 | 4 | 2 |
_3Book review (E-STREAMS) _uhttp://www.e-streams.com/es0911/es0911_4515.html |
| 856 | 4 | 2 |
_3Contributor biographical information _uhttp://www.loc.gov/catdir/enhancements/fy0739/2004052413-b.html |
| 942 | _2ddc | ||